00626nam a2200205Ia 4500003000900000008004100009040001300050040001300063041000800076100002000084245004600104250001000150260001300160260000900173300001000182490000600192942000700198999001700205952019800222IT-RoPAU120407s9999 xx 000 0 und d aIT-RoPAU cIT-RoPAU afra aP. Médebielle aLa sainte Bible (Pirot). T. III, IV, XII. aParis aLetouzey c1949 c22 cm v1 cBK c17269d17269 00102ddc406220_41000000000000071aPAULUSbPAULUSd2012-04-11l0o220.41r2012-04-11 00:00:00w2012-04-11yBKzInserito da: Jole In data: 12 settembre 2011 fondo: Via A.Severo 56 Progr:21549